000 00480nam a2200169Ia 4500
003 GCL
008 140319s9999 xx 000 0 ara d
040 _aGCL /
_cGCL
082 0 4 _a813.03
_bن ا
100 1 _aنجيب محفوظ
245 1 0 _aاصداء السيرة النبوية /
_cنجيب محفوظ
300 _a155 ص
490 _aكتاب
_v0
650 0 4 _aالقصص العربية
650 0 4 _aالادب العربى - العصر الحديث
942 _2ddc
_cBK
999 _c41864
_d41864